000 00303nam a2200133Ia 4500
008 231017s9999 xx 000 0 und d
082 _a691.2
082 _bBEE
245 0 _aConcise eurocode for the design of concrete buildings
245 0 _cBSI
260 _bBSI
300 _c30cm
942 _cREP
999 _c606709
_d606709